Petit Bac (Géographie) - Lettre S - Statistiques

Statistiques générales
  • Ce quiz a été pris 525 fois
  • Le résultat moyen est 8 sur 12
Statistiques - réponses
Thèmes Mots commençant par S % Correct
Pays d'Europe Serbie / Slovaquie / Suède / Suisse +2
99%
Pays d'Afrique Sénégal / Sierra Leone / Somalie / Soudan +3
97%
Département français Sarthe / Savoie / Seine-et-Marne / Seine-Maritime / Somme +2
85%
Capitale Stockholm / Sucre / Sofia / Skopje / Séoul / Sarajevo +13
81%
Pays insulaire Singapour / Sri Lanka / Sainte-Lucie / Samoa +5
80%
Ville de plus de 5 millions d'habitants Singapour / Shanghai / Séoul / Saint-Pétersbourg +6
79%
Ville espagnole de plus de 50 000 habitants Séville / Saragosse / Salamanque / Saint-Sébastien +17
73%
Préfecture Strasbourg / Saint-Lô / Saint-Étienne / Saint-Denis / Saint-Brieuc
69%
Fleuve Sénégal / Savannah / Saloum / Santa Cruz / Saint Laurent +14
55%
Territoire d'outre-mer Saint-Barthélemy / Saint-Martin / Saint-Pierre-et-Miquelon
52%
Land allemand Saxe / Sarre / Schleswig-Holstein / Saxe-Anhalt
29%
Mer, océan ou golfe Mer des Salomon / Mer de Sardaigne / Mer des Sargasses +19
28%
Aucun quiz correspondant
Distribution des résultats
% des personnes avec chaque résultat
Percentile par nombre de réponses
Votre historique - résultats
Vous n’avez pas pris ce quiz